Boletn̕ Legal Empresarial Sempřtegui Ontaneda

Bibliographic Details
Format: Serial
Language:Spanish
Published: Quito : Sempřtegui Ontaneda, 2009-
Subjects:
Online Access:http://www.vlex.com/source/10973

MARC

LEADER 00000nas a22000007a 4500
005 20130405100835.0
007 cr|||| ||||
008 130405e2009 ec |||||s|||| 00||0 spa d
035 |a 10973 
040 |a vLex 
090 |c 4131  |d 4131 
245 0 0 |a Boletn̕ Legal Empresarial Sempřtegui Ontaneda  |h [Recurso electrn̤ico] 
256 |a Servicio en ln̕ea 
260 |a Quito :  |b Sempřtegui Ontaneda,   |c 2009- 
300 |a 1 Recurso electrn̤ico 
506 |a Contenido solo disponible en los productos indicados  |d vLex Global  |d vLex Global (Academic Edition, excluding Law Schools)  |d vLex Global (U.S. Academic Edition, Law Schools)  |d vLex Global (U.S. Academic Edition, excluding Law Schools)  |d vLex Global (Academic Edition, Law Schools) 
650 0 4 |a Administracin̤ (Management)  |v Revistas  |z Ecuador 
740 |a vLex Revistas (Servicio en ln̕ea) 
856 |a Acceso restringido  |u http://www.vlex.com/source/10973 
942 |c REV 
999 0 |a Management